Central Library OPAC University of Rajshahi
Normal view MARC view

Entry Personal Name

Number of records used in: 2

001 - CONTROL NUMBER

  • control field: 1194

003 - CONTROL NUMBER IDENTIFIER

  • control field: BD-RjUL

005 - DATE AND TIME OF LATEST TRANSACTION

  • control field: 20220207120922.0

008 - FIXED-LENGTH DATA ELEMENTS

  • fixed length control field: 220207|| aca||aabn | a|a d

040 ## - CATALOGING SOURCE

  • Original cataloging agency: BD-RjUL
  • Transcribing agency: BD-RjUL

100 ## - HEADING--PERSONAL NAME

  • Personal name: Devic, L. Marcel

670 ## - SOURCE DATA FOUND

  • Source citation: Work cat.: (BD-RjUL)79337: Buzurg b. Shahriyâr al-Râm-Hurmuzî. 1192, Livre des merveilles de l'Inde, texte arabe publ. /, 1883-86